000 00937nam a2200289 a 4500
001 BRCA_4551
005 20190320204720.0
008 230910s1934----mx-#######---#000-0#spa-#
041 _aspa
044 _amx
050 4 _aN910
_b.C38 1934
245 1 0 _aCatálogo de pinturas
_bsección colonial
_cMuseo Nacional de Artes Plásticas.
260 _aMéxico
_bEdiciones del Palacio de Bellas Artes
_c1934
300 _a109 p.
_c18 cm.
500 _aIncluye índice de artistas e índice de asuntos y personajes retratados
500 _aEstado físico: Cubierta maltratada
500 _aCFG46
650 1 4 _aPinturas
_zMéxico
_911526
650 1 4 _aPintores mexicanos
_94220
650 1 4 _aPinturas
_vCatálogos
_94930
650 1 4 _aPintura colonial
_911527
650 1 4 _aArte colonial
_97904
650 1 4 _aGalerías y museos
_zMéxico
_94513
710 2 _aMuseo Nacional de Artes Plásticas
_911528
902 _aGFM
942 _2lcc
_cB
999 _c4257
_d4257